000 00597nam a22002417a 4500
003 OSt
005 20140310183111.0
008 130130t xxu||||| |||| 00| 0 eng d
020 _a9712317927
050 _aLC315
_b.P163 1995
082 _aFIL170
_bP17 1995
245 _aIntroduction to Values Education
_cPalispis, Epitacio S.
260 _aManila
_bRex Book Store
_cc1995
300 _a179p.
_c22cm.
521 _aCollege
526 _c1210L-1700L
541 _j1
541 _j2
541 _j3
541 _j4
562 _e4
942 _2lcc
_cBK
_kFIL
999 _c18844
_d18844